000 01098nam a22003857a 4500
001 0000112
003 KOHA_MİRAKIL
005 20260207001200.0
007 ta
008 081212b2004 tu |||gr||||#||||0|tur |
020 _a9755916601
_c9,69
040 _aTR-BiSEU
_btur
_cTR-BiSEU
_erda
041 0 _atur
044 _ctu
050 _aT353
_b.E84 2004
100 1 _aEtemoğlu, Nagihan.
245 1 _aTeknik resim/
_cNagihan Etemoğlu ; Nagihan Etemoğlu, Hatice Yeşilkütük, Ahmet Bir.
264 1 _aAnkara :
_bNobel Yayınları
_c2004
300 _ac.1
336 _ametin
_btxt
_2rdacontent
337 _aaracısız
_bn
_2rdamedia
338 _acilt
_bnc
_2rdacarrier
490 1 _aNobel yayınları ;
_vNo.
490 1 _a676.
490 1 _aTeknik yayınları dizisi ;
_vNo.
490 1 _a45.
500 _aKaynakça var.
650 0 _aTeknik resim.
_91795
650 0 _aTechnical illustration.
_91796
830 1 _aNobel yayınları ;
_vNo.
_91490
830 1 _a676.
_91797
830 1 _aTeknik yayınları dizisi ;
_vNo.
_91798
830 1 _a45.
_91799
942 _2lcc
_cBK
999 _c113
_d113